New York Musicians - Statistics

General Stats
  • This quiz has been taken 66 times
  • The average score is 7 of 20
Answer Stats
Hint Answer % Correct
Poker Face Lady Gaga
89%
Empire State of Mind Jay-Z
80%
I Wanna Be Sedated Ramones
72%
One Way or Another Blondie
64%
Banana album art The Velvet Underground
57%
Illmatic Nas
33%
Ready to Die The Notorious B.I.G
33%
Paul Revere Beastie Boys
31%
Maps Yeah Yeah Yeahs
31%
Fear of Music Talking Heads
25%
Kool Thing Sonic Youth
23%
Marquee Moon Television
23%
Machu Picchu The Strokes
20%
Turn On The Bright Lights Interpol
18%
Diane Young Vampire Weekend
16%
Comfortably Numb cover Scissor Sisters
11%
N.I.G.G.A.Z Tupac
10%
Dear Science TV On The Radio
10%
Michael Gira Swans
8%
My Life Mary J. Blige
3%
No matching quizzes found
Score Distribution
Percent of People with Each Score
Percentile by Number Answered
Your Score History
You have not taken this quiz